| 000 | 00421nam a22001817a 4500 | ||
|---|---|---|---|
| 003 | MPLRDC | ||
| 005 | 20220104123257.0 | ||
| 008 | 210129b ||||| |||| 00| 0 eng d | ||
| 020 | _a962-388-031-6 | ||
| 082 | _a856.3 LSC | ||
| 100 | _a李顺成编著 | ||
| 245 |
_a求职书信大全 _c |
||
| 250 | _a再版 | ||
| 260 |
_a _b星辉图书有限公司 _c1993 |
||
| 300 | _b平 | ||
| 650 | _a | ||
| 942 |
_cBK _o856.3 LSC |
||
| 999 |
_c10007 _d9997 |
||